00667 2200229 4500001002100000005001700021008004100038020001800079035002400097040001200121082001100133090002000144100001900164245008800183260002800271300002400299440004700323650002100370700002200391850001200413990001200425YOGYA-0209000005047020090227032521.0 eng  a979-403-153-4 0010-020900000050470 aYOPDYOG a428.24 aT 428.24bElv R aELVIRE, Marcia aRare animals in IndonesiacMaria Elvie ; editor Th Nung Atasana ; ilustrator Nono S aJakartabGramediac1987 a32 hlmbilusc21 cm aGraded reading series nonfiction - stage 2 aBintang - Bacaan aAtasana, Th. Nung aYOPDYOG a30352-P